Top 10 Bolton Wanderers Premier League Appearances - Statistics

General Stats
  • This quiz has been taken 52 times
  • The average score is 5 of 12
Answer Stats
Player Apps % Correct
Kevin Davies 316
81%
Jussi Jääskeläinen 379
79%
Kevin Nolan 261
79%
Iván Campo 172
63%
Ricardo Gardner 251
58%
Gary Cahill 130
37%
Henrik Pedersen 143
30%
Stelios Giannakopoulos 137
28%
Fabrice Muamba 130
26%
Per Frandsen 134
26%
Bruno N'Gotty 137
23%
Guðni Bergsson 130
19%
No matching quizzes found
Score Distribution
Percent of People with Each Score
Percentile by Number Answered
Your Score History
You have not taken this quiz